000 01666cam a2200169 4500500
005 20260322000031.0
041 _afre
042 _adc
100 1 0 _aDe Donno, Fabrice
_eauthor
700 1 0 _aGrenier, Nicolas
_eauthor
700 1 0 _aPelletier, Corinne
_eauthor
700 1 0 _aPriet, Benoît
_eauthor
245 0 0 _aEpreuves de sélection Gendarme adjoint volontaire 2025 : GAV APJA - GAV EP
260 _bDunod,
_c2025.
520 _aLe recrutement des Gendarmes Adjoints Volontaires Agents de Police Judiciaire Adjoints (GAV APJA) et des Gendarmes Adjoints Volontaires Emploi Particulier (GAV EP) se déroule lors d’examens de sélection qui ont lieu régulièrement tout au long de l’année. Afin d’accompagner les candidats le long du processus de recrutement et de les préparer efficacement les épreuves, l’ouvrage propose : • une présentation du processus de recrutement ; • une présentation du métier de gendarme adjoint et de la gendarmerie nationale ; • le programme de révision en ligne pour s’organiser • les connaissances en fiches synthétiques à maîtriser ; • les bonnes méthodologie pour réussir ; • des QCM, exercices et sujets corrigés pour s’évaluer et progresser. Les candidats trouveront de nombreux entraînements pour réussir les épreuves : - QCM de connaissances générales - Compréhension de textes - Tests psychotechniques - Lettre de motivation - Entretien À la fin de l’ouvrage, entraînez-vous avec les 8 sujets corrigés originaux.
856 4 1 _uhttps://droit.cairn.info/epreuves-de-selection-gendarme-adjoint-volontaire-2025--9782100876143?lang=fr&redirect-ssocas=7080
999 _c1702580
_d1702580